000 00420nam a22001937a 4500
003 UA-OsUOA
001 2508
007 ta
008 20050721b un ||||| |||| 00| 0 ukr d
100 _aRoss
700 _aP.
700 _aO'Meara
700 _aG.
942 _cBK
040 _aUA-OsUOA
_cUA-OsUOA
_dUA-OsUOA
245 _aFodor's 89 pocket guide to Paris.
_bCountry Studies
955 _a2
650 7 _2UDC
999 _c288670
_d288670